| 000 | 00610nam a2200193 a 4500 | ||
|---|---|---|---|
| 005 | 20140310183539.0 | ||
| 008 | 111021s19uu xx 00 eng d | ||
| 020 | _a9780470683200 | ||
| 050 |
_aHD 57.7 _b.L49 2011 |
||
| 100 | _aLewis, Sarah | ||
| 245 |
_aPositive psychology at work : _bhow positive leadership and appreciative inquiry create inspiring organizations / _cSarah Lewis. |
||
| 260 |
_aUnited Kingdom : _bWiley-Blackwell, _c2011. |
||
| 300 |
_a246 p. : _bill. ; _c22 cm. |
||
| 521 | _aPSYCH | ||
| 650 | _aLeadership | ||
| 650 | _aPositive psychology | ||
| 942 |
_cBK _2lcc _kFOR |
||
| 999 |
_c24772 _d24772 |
||